<?xml version="1.0" encoding="UTF-8"?>
<record
    xmlns:xsi="http://www.w3.org/2001/XMLSchema-instance"
    xsi:schemaLocation="http://www.loc.gov/MARC21/slim http://www.loc.gov/standards/marcxml/schema/MARC21slim.xsd"
    xmlns="http://www.loc.gov/MARC21/slim">

  <leader>00725nam a22002297a 4500</leader>
  <datafield tag="999" ind1=" " ind2=" ">
    <subfield code="c">65719</subfield>
    <subfield code="d">65719</subfield>
  </datafield>
  <controlfield tag="005">20240530110840.0</controlfield>
  <controlfield tag="008">191223s2005    ua a   f      000 0 ara d</controlfield>
  <datafield tag="017" ind1=" " ind2=" ">
    <subfield code="a">2005/11689</subfield>
    <subfield code="b">&#x645;&#x635;&#x631;. &#x62F;&#x627;&#x631; &#x627;&#x644;&#x643;&#x62A;&#x628;</subfield>
  </datafield>
  <datafield tag="020" ind1=" " ind2=" ">
    <subfield code="a">9772091240</subfield>
  </datafield>
  <datafield tag="040" ind1=" " ind2=" ">
    <subfield code="a">EG-CaGPL</subfield>
    <subfield code="c">EG-CaGPL</subfield>
  </datafield>
  <datafield tag="082" ind1="0" ind2="4">
    <subfield code="2">21</subfield>
    <subfield code="a">923.2</subfield>
    <subfield code="b">&#x642;/ &#x639; &#x627;</subfield>
  </datafield>
  <datafield tag="100" ind1="0" ind2=" ">
    <subfield code="a">&#x639;&#x644;&#x649; &#x627;&#x644;&#x633;&#x645;&#x627;&#x646;</subfield>
  </datafield>
  <datafield tag="245" ind1="1" ind2="0">
    <subfield code="a">&#x627;&#x648;&#x631;&#x627;&#x642; &#x639;&#x645;&#x631;&#x649; :</subfield>
    <subfield code="b">&#x645;&#x646; &#x627;&#x644;&#x644;&#x643; ..&#x627;&#x644;&#x649; &#x639;&#x628;&#x62F;&#x627;&#x644;&#x646;&#x627;&#x635;&#x631; &#x648;&#x627;&#x644;&#x633;&#x627;&#x62F;&#x627;&#x62A; /</subfield>
    <subfield code="c">&#x62A;&#x627;&#x644;&#x64A;&#x641; &#x639;&#x644;&#x649; &#x627;&#x644;&#x633;&#x645;&#x627;&#x646;</subfield>
  </datafield>
  <datafield tag="250" ind1=" " ind2=" ">
    <subfield code="a">&#x637;.1</subfield>
  </datafield>
  <datafield tag="260" ind1=" " ind2=" ">
    <subfield code="a">&#x627;&#x644;&#x642;&#x627;&#x647;&#x631;&#x629; : </subfield>
    <subfield code="c">2005</subfield>
  </datafield>
  <datafield tag="300" ind1=" " ind2=" ">
    <subfield code="a">576 &#x635;. :</subfield>
    <subfield code="b">&#x627;&#x64A;&#x636;. &#x61B;</subfield>
    <subfield code="c">24 &#x633;&#x645;.</subfield>
  </datafield>
  <datafield tag="600" ind1=" " ind2=" ">
    <subfield code="a">&#x639;&#x644;&#x649; &#x627;&#x644;&#x633;&#x645;&#x627;&#x646;</subfield>
  </datafield>
  <datafield tag="650" ind1="0" ind2="7">
    <subfield code="2">qrmak</subfield>
  </datafield>
  <datafield tag="651" ind1=" " ind2=" ">
    <subfield code="2">qrmak</subfield>
  </datafield>
  <datafield tag="942" ind1=" " ind2=" ">
    <subfield code="2">ddc</subfield>
    <subfield code="c">BK</subfield>
  </datafield>
  <datafield tag="952" ind1=" " ind2=" ">
    <subfield code="0">0</subfield>
    <subfield code="1">0</subfield>
    <subfield code="4">0</subfield>
    <subfield code="7">0</subfield>
    <subfield code="a">CAI</subfield>
    <subfield code="b">CAI</subfield>
    <subfield code="c">CAIRO-LIBRARY</subfield>
    <subfield code="d">2019-12-23</subfield>
    <subfield code="l">0</subfield>
    <subfield code="o">923.2 &#x642;/ &#x639; &#x627;</subfield>
    <subfield code="p">166834</subfield>
    <subfield code="r">2019-12-23 00:00:00</subfield>
    <subfield code="w">2019-12-23</subfield>
    <subfield code="y">BK</subfield>
  </datafield>
</record>
